000
00311nam a22001337a 4500
003
OSt
005
20170105103447.0
008
131204t xxu||||| |||| 00| 0 eng d
020
_a
978-81-313-0367-2
040
_c
ASAB
100
_a
Dr. Chandrawati Jee
_9
388
245
_a
Textbook of Biotechnology
942
_2
ddc
_c
BK
999
_c
16659
_d
16659